00518nam a22001577a 450000500170000000800410001702000180005804000100007608200160008610000160010224500620011826000430018030000210022350000270024465000890027120260303111743.0260303b |||||||| |||| 00| 0 eng d a9789387791152 cVITAP 223a658 RAV aRavi, N Ed. aThe Hindu Speaks on Management, Volume IIc/ N. Ravi Ed. aChennaibTHG Publishing Pvt. Ltdc2018 avii, 346p.: 21cm aIt include index pages 0aManagerial Skills, Strategy, Organizational Issues, Human Resources Development etc.